| 000 | 00503nam a2200133Ia 4500 | ||
|---|---|---|---|
| 008 | 250506s9999 xx 000 0 und d | ||
| 024 | _a01A-02-EE, 01A-07-EE, 01A-11-EE & 01A-02-CE | ||
| 082 | _a629.89072 KAS | ||
| 100 | _aKashif Qamar, M. Sadaat Alam, Shafqat Iqbal & Atif Raza Khan | ||
| 245 | 0 | _aDistributed Control System Controlling and Monitoring Circulating Cooling Water System | |
| 260 |
_aKarachi: _bUIT, _c2001 |
||
| 600 | _aElectronic Engineering | ||
| 650 | _aBachelor of Engineering (BE) | ||
| 999 |
_c28125 _d28125 |
||